| 000 | 00913nam a2200289 i 4500 | ||
|---|---|---|---|
| 001 | 000013178 | ||
| 003 | DO-SdBNP | ||
| 005 | 20241017153909.0 | ||
| 007 | ta | ||
| 008 | 091120s2001 it 000 f spa d | ||
| 020 | _a8885409490 | ||
| 040 |
_aDO-SdBNP _bspa _cBNPHU _erda |
||
| 049 | _aBNPD | ||
| 082 | 4 |
_aRD863.44 _bV443b _222 |
|
| 100 | 1 |
_aVeloz Maggiolo, Marcio, _d1936-2021 _eautor _4aut. _91104 |
|
| 245 | 1 | 3 |
_aLa biografía difusa de sombra castañeda / _cMarcio Veloz Maggiolo. |
| 264 | 4 |
_aVerona, Italia : _bEditor Perosini, _c2001. |
|
| 300 |
_a194 páginas ; _c22 cm. |
||
| 336 |
_atexto _btxt _2rdacontent |
||
| 337 |
_asin mediación _bn _2rdamedia |
||
| 338 |
_avolumen _bnc _2rdacarrier |
||
| 500 | _aIncluye datos biográficos del autor en la contracubierta. | ||
| 500 | _aIncluye glosario. | ||
| 650 | 4 |
_aNovela dominicana _9223 |
|
| 650 | 4 |
_aLiteratura dominicana. _967 |
|
| 942 |
_2ddc _cLBS1 |
||
| 999 |
_c12817 _d12817 |
||